000 00312nam a22001457a 4500
008 210310b ||||| |||| 00| 0 eng d
020 _a9780073406299
041 _aeng
080 _22nd
_a51
082 _a51
100 _a36
101 _aMAT
245 _aIntermediate Algebra
_cMiller, J
942 _2udc
_cBK
999 _c56166
_d56166